000 00510nam a22001577a 4500
020 _a978-93-5549-449-8
082 _a920
_bRAK/N
100 _aRAKESH,P. S
245 _aNJAN MALALA: MALALA YUSAFSAI ENNA PAKISTHANI PENKUTTIYUDE KATHA
246 _aNJAN MALALA: MALALA YUSAFSAI ENNA PAKISTHANI PENKUTTIYUDE KATHA
_bNJAN MALALA: MALALA YUSAFSAI ENNA PAKISTHANI PENKUTTIYUDE KATHA
260 _aKOZHIKODE
_bMATHRUBHUMI
300 _a112
520 _aBIOGRAPHY
650 _aBIOGRAPHY IN MALAYALAM
942 _cBK
999 _c8593
_d8593